| 000 | 00650nam a2200253Ia 4500 | ||
|---|---|---|---|
| 005 | 20250425162325.0 | ||
| 008 | 250425s9999 xx 000 0 und d | ||
| 020 | _a8420537802 | ||
| 041 | _aspa | ||
| 082 | _a519.2 | ||
| 100 | _aPEREZ LOPEZ, CESAR | ||
| 245 | 0 | _aESTADISTICA. PROBLEMAS RESUELTOS Y APLICACIONES | |
| 250 | _a1A ED. | ||
| 260 |
_aEspaña _bPEARSON EDUCACIÓN _c2003 |
||
| 260 | _aMADRID | ||
| 300 | _a485 | ||
| 500 | _a1CD | ||
| 650 | _aANALISIS DE VARIANZA | ||
| 650 | _aESTADISTICA MATEMATICA | ||
| 650 | _aESTADISTICA-PROBLEMAS Y EJERCICIOS | ||
| 650 | _aMUESTREO (ESTADISTICA) | ||
| 942 | _c01 | ||
| 010 | _a62266 | ||
| 999 |
_c226890 _d226890 |
||